[Event "2018 Battle of Alberta"]
[Site "?"]
[Date "2018.09.08"]
[Round "1"]
[White "Vasic, Maxim"]
[Black "Kalisvaart, Peter"]
[Result "1/2-1/2"]
[WhiteElo "1964"]
[BlackElo "2148"]
[PlyCount "108"]
[SourceDate "2017.09.01"]

1. d4 d5 2. c4 Nc6 3. Nf3 Bg4 4. cxd5 Bxf3 5. dxc6 Bxc6 6. Nc3 Nf6 7. f3 e5 8.
dxe5 Nd7 9. e6 fxe6 10. e4 Bd6 11. Be3 Qh4+ 12. Bf2 Qh6 13. Bb5 Ne5 14. Bxc6+
Nxc6 15. Nb5 Be5 16. Qb3 O-O 17. Rd1 Rad8 18. Ke2 a6 19. Na3 b5 20. Nc2 Qf6 21.
Bg3 Na5 22. Qb4 Nc4 23. b3 Bxg3 24. bxc4 Rxd1 25. Rxd1 Bd6 26. Qb3 bxc4 27.
Qxc4 Bxh2 28. Nd4 Bd6 29. Nxe6 Qf7 30. Rc1 Rb8 31. Rc2 h6 32. Qd5 Kh7 33. Nxc7
Qg6 34. Ke3 Rc8 35. Rc6 Rxc7 36. Rxd6 Qe8 37. Rxa6 Rc3+ 38. Kd2 Qc8 39. Qf5+
Qxf5 40. exf5 Rc5 41. g4 h5 42. Ke3 h4 43. Kf2 Rc2+ 44. Kg1 h3 45. f4 Rg2+ 46.
Kh1 Rxg4 47. Kh2 Rxf4 48. Ra5 Rf3 49. a4 g6 50. fxg6+ Kxg6 51. Rb5 Ra3 52. a5
Kf6 53. Rh5 Kg6 54. Rb5 Kf6 1/2-1/2

[Event "2018 Battle of Alberta"]
[Site "?"]
[Date "2018.09.08"]
[Round "1"]
[White "Gicev, Blagoj"]
[Black "Ng, Gary"]
[Result "0-1"]
[WhiteElo "2360"]
[BlackElo "2389"]
[PlyCount "66"]
[SourceDate "2017.09.01"]

1. e4 c5 2. Nf3 d6 3. d4 cxd4 4. Nxd4 Nf6 5. Nc3 a6 6. Bg5 Nbd7 7. Qe2 h6 8.
Bh4 Qc7 9. O-O-O b5 10. g4 Bb7 11. Bg2 Rc8 12. Nd5 Qc4 13. Qxc4 Rxc4 14. Bxf6
Nxf6 15. h3 Nxd5 16. exd5 e5 17. Nc6 Rf4 18. Rhf1 h5 19. f3 Be7 20. Rd3 f5 21.
Nxe7 Kxe7 22. gxf5 Rf8 23. Kd2 R8xf5 24. Ke3 Rg5 25. Rf2 Rg3 26. Bf1 Bc8 27.
Rc3 Bxh3 28. Bxh3 Rxh3 29. Rc7+ Kf8 30. Rc6 g5 31. Rxa6 e4 32. Rb6 Rhxf3+ 33.
Rxf3 exf3 0-1

[Event "2018 Battle of Alberta"]
[Site "?"]
[Date "2018.09.08"]
[Round "1"]
[White "Ng, Gary"]
[Black "Gicev, Blagoj"]
[Result "0-1"]
[WhiteElo "2389"]
[BlackElo "2360"]
[PlyCount "124"]
[SourceDate "2017.09.01"]

1. d4 Nf6 2. Bf4 g6 3. Nc3 c5 4. e3 Bg7 5. h4 Qb6 6. Qd2 d6 7. Be2 Nc6 8. d5
Qxb2 9. Rc1 Nb4 10. Bb5+ Bd7 11. Bxd7+ Nxd7 12. Nge2 Nxa2 13. Rb1 Bxc3 14. Rxb2
Bxd2+ 15. Kxd2 Nb4 16. e4 Nb6 17. Rb3 a5 18. h5 a4 19. Rbh3 a3 20. Ra1 Nc4+ 21.
Kc1 O-O 22. c3 Na6 23. Kc2 f6 24. hxg6 hxg6 25. Bc1 Nc7 26. Nf4 g5 27. Ng6 Rf7
28. f4 gxf4 29. Rh8+ Kg7 30. Rxa8 Nxa8 31. Nxf4 Nc7 32. Bxa3 f5 33. exf5 Rxf5
34. Bc1 Nxd5 35. Nxd5 Rxd5 36. Ra7 Rf5 37. Rxb7 Rf2+ 38. Kd3 Ne5+ 39. Ke4 Kf6
40. g3 e6 41. Ke3 Rf3+ 42. Kd2 Rxg3 43. Rb8 Rg2+ 44. Kd1 Nd3 45. Bd2 Nf2+ 46.
Ke1 Nd3+ 47. Kd1 Nf2+ 48. Ke1 Ne4 49. Bh6 Nxc3 50. Bf8 Ne4 51. Rd8 Ke5 52. Rd7
Kd5 53. Rc7 Rh2 54. Re7 c4 55. Kd1 e5 56. Rc7 Kd4 57. Rc6 d5 58. Bg7 c3 59. Re6
Kd3 60. Rh6 Rxh6 61. Bxh6 c2+ 62. Kc1 Nc3 0-1

[Event "2018 Battle of Alberta"]
[Site "?"]
[Date "2018.09.08"]
[Round "2"]
[White "Arakelian, Henadzi"]
[Black "Malek, Omid"]
[Result "0-1"]
[WhiteElo "2138"]
[BlackElo "2135"]
[PlyCount "63"]
[SourceDate "2017.09.01"]

1. e4 e6 2. d4 d5 3. Nd2 Nc6 4. Ngf3 Nf6 5. e5 Nd7 6. Be2 Be7 7. O-O f6 8. exf6
Bxf6 9. Nb3 O-O 10. Bf4 e5 11. dxe5 Ndxe5 12. c3 Bf5 13. Bg3 Be4 14. Nxe5 Bxe5
15. Nc5 Bxg3 16. hxg3 Kh8 17. Ne6 Qd6 18. Nxf8 Rxf8 19. Bd3 Qc5 20. Bxe4 dxe4
21. Qe2 Re8 22. Rad1 Qf5 23. Rfe1 h6 24. Qe3 Re7 25. Qf4 Qh5 26. g4 Qe8 27. g5
Qh5 28. gxh6 gxh6 29. Rd8+ Kh7 30. Qf8 Rg7 31. Qh8+ Kg6 32. Qe8+ 0-1

[Event "2018 Battle of Alberta"]
[Site "?"]
[Date "2018.09.08"]
[Round "2"]
[White "Ludwig, Michael"]
[Black "Haessel, Dale"]
[Result "1-0"]
[WhiteElo "2076"]
[BlackElo "2259"]
[PlyCount "119"]
[SourceDate "2017.09.01"]

1. d4 Nf6 2. Bf4 g6 3. Nc3 d5 4. Qd2 h6 5. h4 Bg7 6. O-O-O c6 7. f3 Qa5 8. Kb1
Be6 9. g4 Na6 10. e3 h5 11. g5 Nd7 12. Bh3 Bxh3 13. Nxh3 O-O-O 14. Bg3 e5 15.
Ne2 Qxd2 16. Rxd2 Rhe8 17. Nc1 exd4 18. exd4 Re3 19. Rf1 Rde8 20. c3 Nb6 21.
Bf4 R3e7 22. b3 Kd7 23. Nd3 Nc7 24. Be5 Bxe5 25. Nxe5+ Ke6 26. f4 Kf5 27. Nf2
Nb5 28. Nd1 Nd6 29. Ne3+ Ke6 30. f5+ gxf5 31. Nxf5 Nxf5 32. Rdf2 Nd7 33. Rxf5
Nxe5 34. dxe5 b5 35. Rf6+ Kd7 36. Rxf7 Rxf7 37. Rxf7+ Ke6 38. Rxa7 Kxe5 39. Rh7
d4 40. Kc2 Rf8 41. cxd4+ Kxd4 42. Rd7+ Ke4 43. g6 Rf6 44. g7 Rg6 45. Kc3 c5 46.
Rc7 Rg3+ 47. Kd2 Rg2+ 48. Ke1 Kd4 49. Kf1 Rg4 50. Kf2 c4 51. bxc4 bxc4 52. a4
c3 53. a5 c2 54. a6 Rxg7 55. Rxc2 Ke4 56. Rc4+ Kf5 57. Ra4 Ra7 58. Kg3 Ke5 59.
Ra5+ Ke6 60. Rxh5 1-0

[Event "2018 Battle of Alberta"]
[Site "?"]
[Date "2018.09.08"]
[Round "2"]
[White "Findlay, Ian"]
[Black "Arruebarrena, Rafael"]
[Result "1/2-1/2"]
[WhiteElo "2355"]
[BlackElo "2349"]
[PlyCount "62"]
[SourceDate "2017.09.01"]

1. e4 c5 2. Nf3 e6 3. d4 cxd4 4. Nxd4 Nc6 5. Nc3 Qc7 6. Be2 a6 7. O-O Nf6 8.
Be3 Bb4 9. Na4 Be7 10. Nxc6 bxc6 11. Nb6 Rb8 12. Nxc8 Qxc8 13. Bd4 c5 14. Be5
Rb6 15. Qd3 d6 16. Bc3 O-O 17. b3 d5 18. exd5 Nxd5 19. Be5 Bf6 20. Bxf6 Nxf6
21. Rfd1 Rc6 22. Qg3 Nd5 23. Qe5 Rc7 24. Bxa6 Qxa6 25. Rxd5 exd5 26. Qxc7 Qf6
27. Rd1 Qc3 28. h3 d4 29. Qf4 Qxc2 30. Qc1 Qxa2 31. Qxc5 Qxb3 1/2-1/2

[Event "2018 Battle of Alberta"]
[Site "?"]
[Date "2018.09.08"]
[Round "1"]
[White "Haessel, Dale"]
[Black "Ludwig, Michael"]
[Result "1-0"]
[WhiteElo "2259"]
[BlackElo "2076"]
[PlyCount "109"]
[SourceDate "2017.09.01"]

1. d4 d5 2. c4 e6 3. Nc3 Be7 4. cxd5 exd5 5. Bf4 c6 6. Qc2 Bd6 7. Bxd6 Qxd6 8.
e3 Ne7 9. Bd3 g6 10. f3 b6 11. Nge2 Ba6 12. O-O Bxd3 13. Qxd3 O-O 14. e4 f6 15.
Rac1 Nd7 16. exd5 Nxd5 17. Nxd5 Qxd5 18. Nc3 Qf7 19. Ne4 f5 20. Nd6 Qd5 21. Qc4
Qxc4 22. Rxc4 c5 23. dxc5 Nxc5 24. b4 Na6 25. a3 Rad8 26. Nb5 Rf7 27. Re1 Rdd7
28. Kf2 Rd2+ 29. Re2 Rdd7 30. h4 Rd5 31. Nd4 Rdd7 32. Rc8+ Rf8 33. Rxf8+ Kxf8
34. Nb5 Nb8 35. Rc2 Ke7 36. Rc8 Rb7 37. Nxa7 Nd7 38. Nb5 Ke6 39. Ke3 Ne5 40.
Kf4 Nf7 41. a4 Kd5 42. Nc3+ Ke6 43. Rc6+ Kd7 44. b5 Nd8 45. Rf6 Rc7 46. Nd5
Rc4+ 47. Ke5 Rxh4 48. Nxb6+ Kc7 49. a5 Rh1 50. Nd5+ Kd7 51. Rd6+ Ke8 52. Nf6+
Kf7 53. Rd7+ Kf8 54. Rxd8+ Ke7 55. Rd7+ 1-0

[Event "2018 Battle of Alberta"]
[Site "?"]
[Date "2018.09.08"]
[Round "1"]
[White "Malek, Omid"]
[Black "Arakelian, Henadzi"]
[Result "1-0"]
[WhiteElo "2135"]
[BlackElo "2138"]
[PlyCount "87"]
[SourceDate "2017.09.01"]

1. d4 Nf6 2. Bg5 Ne4 3. Bf4 d5 4. e3 c5 5. Bd3 cxd4 6. exd4 Nc6 7. Bxe4 dxe4 8.
Ne2 Bg4 9. Nbc3 Qb6 10. O-O Rd8 11. Qc1 e6 12. Re1 Be7 13. Be3 Qa6 14. Ng3 O-O
15. h3 Bf5 16. d5 Ne5 17. dxe6 Bxe6 18. Ngxe4 Qa5 19. Bf4 Ng6 20. Bg5 f6 21.
Bf4 Qf5 22. Bh2 Bc8 23. Qe3 b6 24. Rad1 Ne5 25. Nd5 Rde8 26. Qf4 Qh5 27. Ng3
Qg6 28. Qe4 Qf7 29. Nxe7+ Rxe7 30. f4 Ng6 31. Qd4 Rd7 32. Qb4 Bb7 33. Nf5 Rfd8
34. Rxd7 Qxd7 35. Ne7+ Kh8 36. f5 Ne5 37. Bxe5 fxe5 38. Rxe5 Qd1+ 39. Qe1 Qxc2
40. Qg3 Rd1+ 41. Kh2 Qc1 42. Ng6+ Kg8 43. Re8+ Kf7 44. Rf8# 1-0

[Event "2018 Battle of Alberta"]
[Site "?"]
[Date "2018.09.08"]
[Round "1"]
[White "Rekhson, Vlad"]
[Black "Caldera, Anuar"]
[Result "0-1"]
[WhiteElo "2179"]
[BlackElo "2247"]
[PlyCount "82"]
[SourceDate "2017.09.01"]

1. e4 e5 2. Nf3 Nc6 3. Bb5 a6 4. Ba4 Nf6 5. d3 b5 6. Bb3 Bc5 7. c3 d6 8. Nbd2
Be6 9. Nf1 d5 10. exd5 Nxd5 11. Ng3 f6 12. Qe2 Qd7 13. O-O O-O 14. Qe4 Rae8 15.
a4 b4 16. Bd2 bxc3 17. bxc3 Bf7 18. Nf5 Nce7 19. Nxe7+ Rxe7 20. Rfd1 c6 21. a5
Qa7 22. Qe2 Rb8 23. Rab1 Rxb3 24. Rxb3 Nf4 25. Bxf4 Bxb3 26. Bg3 Bxd1 27. Qxd1
Qb7 28. h4 Qb5 29. d4 exd4 30. Nxd4 Bxd4 31. Qxd4 Qxa5 32. Qc4+ Qd5 33. Qxa6
Re1+ 34. Kh2 h5 35. f3 Rc1 36. Qa3 Rc2 37. Qa8+ Kh7 38. Qa4 Rxc3 39. Qb4 Rc2
40. Qa4 Qd3 41. Bf4 Qe2 0-1

[Event "2017 Alberta Junior Championship"]
[Site "?"]
[Date "2017.11.19"]
[Round "4"]
[White "Raninga, Aditya"]
[Black "Wang, Paul"]
[Result "1-0"]
[WhiteElo "1736"]
[BlackElo "1622"]
[PlyCount "25"]
[SourceDate "2017.09.01"]

1. e4 e5 2. Bc4 Nc6 3. Nf3 Bc5 4. O-O Nf6 5. d4 exd4 6. e5 d5 7. exf6 dxc4 8.
Re1+ Be6 9. Ng5 g6 10. Nxe6 fxe6 11. Qg4 e5 12. Qe6+ Ne7 13. f7+ 1-0

[Event "2017 Alberta Junior Championship"]
[Site "?"]
[Date "2017.11.18"]
[Round "2"]
[White "Chandra, Anand Rishi"]
[Black "Zhao, Ian"]
[Result "0-1"]
[WhiteElo "1832"]
[BlackElo "2055"]
[PlyCount "68"]
[SourceDate "2017.09.01"]

1. e4 e5 2. Nf3 Nc6 3. Bc4 Bc5 4. c3 Nf6 5. d3 O-O 6. O-O d6 7. h3 a6 8. Bb3
Ba7 9. Re1 h6 10. Nbd2 Re8 11. Nf1 Ne7 12. Bc2 c6 13. Ng3 Ng6 14. a3 Qc7 15. b4
Be6 16. Bb2 Nf4 17. d4 Rad8 18. Bb3 Qc8 19. c4 Bxh3 20. Nh4 Qg4 21. Qxg4 Bxg4
22. f3 Nd3 23. fxg4 Nxb2 24. c5 exd4 25. cxd6 Nxg4 26. Ngf5 d3+ 27. Kh1 Nf2+
28. Kh2 d2 29. Ne7+ Kh7 30. Bxf7 dxe1=Q 31. Rxe1 Ng4+ 32. Kh3 Ne5 33. Be6 Rxd6
34. Bf5+ g6 0-1

[Event "2017 Alberta Junior Championship"]
[Site "?"]
[Date "2017.11.18"]
[Round "2"]
[White "Tolentino, Andre"]
[Black "Ivanescu, Mark"]
[Result "0-1"]
[WhiteElo "1768"]
[BlackElo "1819"]
[PlyCount "78"]
[SourceDate "2017.09.01"]

1. d4 Nf6 2. Nf3 g6 3. Bg5 d6 4. Bxf6 exf6 5. e3 Bg7 6. Be2 O-O 7. Nbd2 f5 8.
O-O Nd7 9. c3 Nf6 10. Qc2 Re8 11. Bd3 Qe7 12. Rfe1 Ne4 13. Nf1 Bd7 14. N3d2 Bc6
15. f3 Nxd2 16. Nxd2 Qd7 17. e4 fxe4 18. fxe4 d5 19. e5 f6 20. exf6 Bxf6 21.
Rf1 Bg7 22. Nf3 Bb5 23. Rf2 Bh6 24. Ne5 Rxe5 25. dxe5 Be3 26. Rd1 Rf8 27. Rdf1
Bxd3 28. Qxd3 Rxf2 29. Rxf2 Bxf2+ 30. Kxf2 Qf5+ 31. Qxf5 gxf5 32. Ke3 Kf7 33.
Kf4 Ke6 34. Kg5 Kxe5 35. Kh6 c5 36. Kxh7 d4 37. Kg6 d3 38. h4 d2 39. h5 d1=Q
0-1

[Event "2017 Alberta Junior Championship"]
[Site "?"]
[Date "2017.11.18"]
[Round "1"]
[White "Zhao, Ian"]
[Black "Ivanescu, Mark"]
[Result "1-0"]
[WhiteElo "2055"]
[BlackElo "1819"]
[PlyCount "47"]
[SourceDate "2017.09.01"]

1. e4 c5 2. c3 g6 3. Nf3 Bg7 4. d4 cxd4 5. cxd4 d5 6. exd5 Nf6 7. Nc3 Nxd5 8.
Bc4 Nf6 9. O-O O-O 10. h3 Qc7 11. Qe2 a6 12. Be3 e6 13. Rfd1 b5 14. Bb3 Bb7 15.
Rac1 Qe7 16. Bf4 Re8 17. Nxb5 e5 18. Rc7 Nbd7 19. dxe5 axb5 20. Rxb7 Qc5 21.
Qxb5 Qxb5 22. Rxb5 Nh5 23. Bh2 Nf8 24. g4 1-0

[Event "2017 Alberta Junior Championship"]
[Site "?"]
[Date "2017.11.19"]
[Round "5"]
[White "Zhao, Ian"]
[Black "Tolentino, Andre"]
[Result "1/2-1/2"]
[WhiteElo "2055"]
[BlackElo "1768"]
[PlyCount "65"]
[SourceDate "2017.09.01"]

1. e4 d6 2. d4 Nd7 3. Nc3 c6 4. a4 a5 5. Nge2 e5 6. g3 Ngf6 7. Bg2 Be7 8. O-O
Qc7 9. Be3 O-O 10. h3 Re8 11. Qd2 Bf8 12. g4 exd4 13. Bxd4 Ne5 14. b3 c5 15.
Nb5 Qb6 16. Be3 Bd7 17. c4 Bc6 18. Nec3 Rad8 19. Rad1 Ng6 20. f3 Rd7 21. Bf2
Qd8 22. Rfe1 h6 23. Bg3 Ne5 24. Qe2 g5 25. Rd2 Ng6 26. Qf2 Re6 27. Red1 Ne8 28.
Kh1 Nc7 29. Nxc7 Qxc7 30. Nd5 Bxd5 31. Rxd5 Qb6 32. Qc2 Bg7 33. Bf2 1/2-1/2

[Event "2017 Alberta Junior Championship"]
[Site "?"]
[Date "2017.11.19"]
[Round "3"]
[White "Sharma, Vishruth"]
[Black "Tolentino, Andre"]
[Result "1-0"]
[WhiteElo "1671"]
[BlackElo "1768"]
[PlyCount "45"]
[SourceDate "2017.09.01"]

1. e4 d6 2. d4 Nd7 3. Nc3 c6 4. Be3 e5 5. Qd2 Ngf6 6. f3 Be7 7. O-O-O O-O 8. g4
Re8 9. h4 Bf8 10. Bc4 exd4 11. Bxd4 Ne5 12. Be2 Be6 13. g5 Nfd7 14. f4 Nc4 15.
Bxc4 Bxc4 16. f5 c5 17. Be3 f6 18. Nge2 Ne5 19. Nf4 fxg5 20. hxg5 Nf3 21. Qg2
Nxg5 22. Bxc5 Qf6 23. Bd4 {unreadable} 1-0

[Event "2017 Alberta Junior Championship"]
[Site "?"]
[Date "2017.11.19"]
[Round "3"]
[White "Zhao, Ian"]
[Black "Tolentino, Patrick"]
[Result "1-0"]
[WhiteElo "2055"]
[BlackElo "1755"]
[PlyCount "69"]
[SourceDate "2017.09.01"]

1. e4 d6 2. d4 Nd7 3. Nc3 c6 4. Nge2 e5 5. g3 Ngf6 6. Bg2 Qc7 7. h3 Be7 8. Be3
O-O 9. O-O Re8 10. a4 a5 11. Kh1 Bf8 12. Qd2 h6 13. g4 g5 14. Ng3 Nb6 15. b3
Be6 16. Nf5 Bxf5 17. gxf5 Nh5 18. dxe5 Rxe5 19. Bf3 Ng7 20. Bd4 Ree8 21. Rg1
Qd8 22. h4 f6 23. hxg5 hxg5 24. Ne2 Nd7 25. Ng3 Ne5 26. Be2 Be7 27. f4 gxf4 28.
Qxf4 Kf7 29. Nh5 Rg8 30. Qh6 Bf8 31. Bxe5 fxe5 32. Qg6+ Ke7 33. f6+ Kd7 34.
Qg4+ Kc7 35. fxg7 1-0

[Event "2017 Alberta Junior Championship"]
[Site "?"]
[Date "2017.11.19"]
[Round "4"]
[White "Sharma, Vishruth"]
[Black "Zhao, Ian"]
[Result "0-1"]
[WhiteElo "1671"]
[BlackElo "2055"]
[PlyCount "70"]
[SourceDate "2017.09.01"]

1. e4 e5 2. Nf3 Nc6 3. Bc4 Nf6 4. Nc3 Bc5 5. d3 h6 6. Be3 Bb6 7. Nd5 d6 8. c3
Bxe3 9. fxe3 O-O 10. O-O Nxd5 11. exd5 Ne7 12. e4 Kh8 13. d4 Ng6 14. dxe5 dxe5
15. Qe1 Qd6 16. Kh1 f5 17. Nd2 f4 18. Be2 Bd7 19. Nc4 Qf6 20. Bh5 Rae8 21. Rd1
Qg5 22. Qe2 Rf6 23. Rd3 f3 24. Bxf3 Nf4 25. Qd2 Nxd3 26. Qxd3 Ref8 27. Ne3 h5
28. h3 Bxh3 29. Qe2 Bg4 30. Bxg4 Rxf1+ 31. Nxf1 hxg4 32. Ne3 Qh4+ 33. Kg1 g3
34. Ng4 Rf4 35. Nxe5 Qh2# 0-1

[Event "2018 Alberta Junior Championship"]
[Site "?"]
[Date "2017.11.19"]
[Round "5"]
[White "Tolentino, Patrick"]
[Black "Ivanescu, Mark"]
[Result "0-1"]
[WhiteElo "1755"]
[BlackElo "1819"]
[PlyCount "96"]
[SourceDate "2017.09.01"]

1. d4 Nf6 2. Bg5 d5 3. Bxf6 exf6 4. e3 c5 5. dxc5 Bxc5 6. Ne2 Nc6 7. c3 Bf5 8.
Nf4 Ne7 9. Nd2 O-O 10. Be2 Ng6 11. Nd3 Bb6 12. O-O Ne5 13. Nf4 Ng6 14. Nd3 Re8
15. Qb3 d4 16. cxd4 Bxd4 17. exd4 Rxe2 18. Nf3 Bxd3 19. Qxd3 Rxb2 20. g3 Qd7
21. Qc3 Rb6 22. Rfd1 Qh3 23. Rd3 f5 24. Rad1 f4 25. d5 fxg3 26. fxg3 Rd6 27.
Nd2 Rc8 28. Qd4 Qd7 29. Nc4 Ra6 30. a3 Ra4 31. Ne5 Rxd4 32. Nxd7 Rxd3 33. Rxd3
Rc7 34. Nb8 Ne5 35. Rb3 Nd7 36. Nxd7 Rxd7 37. Kf2 b6 38. Rd3 Re7 39. d6 Re8 40.
Rc3 Kf8 41. Rc7 Rd8 42. Rxa7 Rxd6 43. Kf3 g6 44. Ke4 Kg7 45. Ke5 Rd3 46. Ra6 b5
47. Ra5 Rf3 48. Rxb5 Rf5+ 0-1

[Event "2018 Alberta Junior Championship"]
[Site "?"]
[Date "2017.11.19"]
[Round "4"]
[White "Tolentino, Angelo"]
[Black "Chandra, Anand Rishi"]
[Result "1-0"]
[WhiteElo "1768"]
[BlackElo "1832"]
[PlyCount "81"]
[SourceDate "2017.09.01"]

1. f4 Nf6 2. b3 e6 3. Bb2 Be7 4. Nf3 b6 5. e3 Bb7 6. Bd3 d5 7. O-O O-O 8. Qe1
Nbd7 9. Qg3 Re8 10. Nc3 Bf8 11. Nd1 Nc5 12. Be2 Nce4 13. Qh3 Bc8 14. d3 Nd6 15.
Ne5 Bb7 16. Nf2 c5 17. Nfg4 Nxg4 18. Bxg4 Qe7 19. Bh5 Red8 20. Rf3 g6 21. Rg3
Nf5 22. Rg5 d4 23. e4 Ng7 24. Bg4 Qe8 25. Be2 f6 26. Rg3 fxe5 27. fxe5 Rd7 28.
Bc1 b5 29. Bg5 Rf7 30. Bf6 Be7 31. Rf1 Qd8 32. Qh4 Qd7 33. Qh6 Bf8 34. Rh3 Nh5
35. Qg5 Bg7 36. Bxh5 gxh5 37. Qxh5 Bxf6 38. exf6 Kf8 39. Rg3 Qd6 40. Rg7 Qd7
41. Qxh7 1-0

[Event "2018 Alberta Junior Championship"]
[Site "?"]
[Date "2017.11.18"]
[Round "1"]
[White "Tolentino, Patrick"]
[Black "Tolentino, Andre"]
[Result "1/2-1/2"]
[WhiteElo "1755"]
[BlackElo "1768"]
[PlyCount "53"]
[SourceDate "2017.09.01"]

1. d4 Nf6 2. Nc3 g6 3. e4 d6 4. Bc4 Bg7 5. f3 O-O 6. Be3 Nbd7 7. Nge2 c6 8. O-O
Qc7 9. Bb3 e5 10. Qd2 Re8 11. Kh1 Nf8 12. a3 Bd7 13. Bh6 Rad8 14. Bxg7 Kxg7 15.
dxe5 dxe5 16. Qe3 b6 17. Rad1 Be6 18. Bxe6 Nxe6 19. Rxd8 Rxd8 20. Rd1 Rxd1+ 21.
Nxd1 Qd6 22. Ndc3 Qc5 23. Qxc5 Nxc5 24. g3 h5 25. h4 Nfd7 26. Kg2 f6 27. Kf2
1/2-1/2

[Event "2018 Alberta Junior Championship"]
[Site "?"]
[Date "2017.11.18"]
[Round "2"]
[White "Sharma, Vishruth"]
[Black "Chandra, Anand Rishi"]
[Result "0-1"]
[WhiteElo "1684"]
[BlackElo "1832"]
[PlyCount "84"]
[SourceDate "2017.09.01"]

1. e4 c5 2. Nf3 d6 3. d4 cxd4 4. Nxd4 Nf6 5. Nc3 a6 6. f3 e6 7. Be3 Be7 8. Bc4
b5 9. Bb3 O-O 10. Qd2 Bb7 11. g4 Nfd7 12. O-O-O Ne5 13. h4 Nbd7 14. Rdg1 Nb6
15. Qh2 Nbc4 16. Bf4 Qb6 17. Nde2 Nxf3 18. Qg3 Nxg1 19. Rxg1 e5 20. Bd2 d5 21.
Nxd5 Bxd5 22. exd5 Rad8 23. Bc3 Qe3+ 24. Qxe3 Nxe3 25. Bxe5 Nxd5 26. Nd4 Bxh4
27. Nf5 Bg5+ 28. Kb1 g6 29. Nd6 Bf4 30. Bxf4 Nxf4 31. Ne4 Kg7 32. g5 Rd4 33.
Nf6 Nh3 34. c3 Rd2 35. Rg3 Nxg5 36. Nh5+ gxh5 37. Rxg5+ Kh6 38. Rf5 Kg6 39. Rc5
Re8 40. Kc1 Rf2 41. Bd1 Re1 42. Rxh5 Rxd1+ 0-1

[Event "2018 Alberta Chess Championship"]
[Site "?"]
[Date "2018.03.30"]
[Round "1"]
[White "Banerjee, Bitan"]
[Black "Malek, Omid"]
[Result "1-0"]
[WhiteElo "2472"]
[BlackElo "2176"]
[PlyCount "79"]
[SourceDate "2017.09.01"]

1. Nf3 Nf6 2. g3 b5 3. Bg2 Bb7 4. O-O e6 5. d3 Be7 6. e4 d6 7. Re1 Qc8 8. Nbd2
O-O 9. b3 c5 10. c4 a6 11. d4 cxd4 12. Nxd4 Nc6 13. Bb2 Nxd4 14. Bxd4 b4 15.
Bb2 Nd7 16. Nf3 Nc5 17. Nd4 Bf6 18. Qd2 Rd8 19. Rad1 Rb8 20. f4 Qc7 21. Qf2 Qe7
22. h4 g6 23. h5 e5 24. Nc2 a5 25. Ne3 Bg7 26. Nd5 Bxd5 27. exd5 Rbc8 28. Bd4
Nd7 29. Bh3 f5 30. hxg6 hxg6 31. g4 Qf6 32. gxf5 g5 33. fxe5 dxe5 34. Be3 Qh6
35. Bg2 Qh5 36. d6 Nf6 37. Qg3 g4 38. Bb6 Rd7 39. Rxe5 Ne8 40. f6 1-0

[Event "2018 Alberta Chess Championship"]
[Site "?"]
[Date "2018.03.30"]
[Round "1"]
[White "Haessel, Dale"]
[Black "Arruebarrena, Rafael"]
[Result "1-0"]
[WhiteElo "2282"]
[BlackElo "2382"]
[PlyCount "71"]
[SourceDate "2017.09.01"]

1. d4 d5 2. c4 c6 3. Nc3 Nf6 4. e3 e6 5. Nf3 Nbd7 6. Qc2 Bd6 7. Bd3 O-O 8. O-O
dxc4 9. Bxc4 b5 10. Be2 Bb7 11. e4 e5 12. dxe5 Nxe5 13. Rd1 Qe7 14. Nd4 Neg4
15. Bxg4 Nxg4 16. h3 Bh2+ 17. Kh1 Qh4 18. Nf5 Qxf2 19. Qd2 b4 20. Qg5 Be5 21.
Na4 Qc2 22. Qxg4 Qxa4 23. Bf4 Bxb2 24. e5 g6 25. Ne7+ Kg7 26. Qh4 f6 27. Rd7
Rf7 28. Qh6+ Kh8 29. Nxg6+ Kg8 30. Rxf7 Kxf7 31. Qxh7+ Ke6 32. Qxb7 Bxa1 33.
Qxa8 Qd1+ 34. Kh2 Bxe5 35. Nxe5 fxe5 36. Qe8+ 1-0

[Event "2018 Alberta Chess Championship"]
[Site "?"]
[Date "2018.03.30"]
[Round "1"]
[White "Ng, Gary"]
[Black "Valencia, Belsar"]
[Result "1/2-1/2"]
[WhiteElo "2377"]
[BlackElo "2367"]
[PlyCount "58"]
[SourceDate "2017.09.01"]

1. d4 Nf6 2. Bf4 d6 3. Nc3 c6 4. e4 Qa5 5. f3 Nbd7 6. Qd2 e5 7. Be3 Be7 8.
O-O-O b5 9. Kb1 b4 10. Nce2 c5 11. dxc5 dxc5 12. Nc1 Qc7 13. g4 Nb6 14. g5 Nh5
15. Bb5+ Bd7 16. Bxd7+ Nxd7 17. Nge2 O-O-O 18. Qd5 Rhf8 19. Qc4 Nf4 20. Qa6+
Kb8 21. Qb5+ Nb6 22. Nxf4 exf4 23. Bf2 Rxd1 24. Rxd1 Rc8 25. Nb3 Qc6 26. Qa6
Qb7 27. Qb5 Qc6 28. Qe2 Qe6 29. Qb5 Qc6 1/2-1/2

[Event "2018 Alberta Chess Championship"]
[Site "?"]
[Date "2018.03.31"]
[Round "2"]
[White "Haessel, Dale"]
[Black "Ng, Gary"]
[Result "0-1"]
[WhiteElo "2282"]
[BlackElo "2377"]
[PlyCount "40"]
[SourceDate "2017.09.01"]

1. d4 Nf6 2. c4 e6 3. Nc3 Bb4 4. e3 O-O 5. Bd3 d5 6. cxd5 Nxd5 7. Nge2 c5 8. a3
Ba5 9. Qc2 cxd4 10. exd4 h6 11. O-O Nc6 12. Nxd5 exd5 13. Be3 Qf6 14. Qb3 Rd8
15. Rfd1 Bb6 16. Nf4 Nxd4 17. Qc3 Nf3+ 18. gxf3 d4 19. Nh5 Qh4 20. Qb4 Qxh5 0-1

[Event "2018 Alberta Chess Championship"]
[Site "?"]
[Date "2018.03.31"]
[Round "2"]
[White "Valencia, Belsar"]
[Black "Banerjee, Bitan"]
[Result "1/2-1/2"]
[WhiteElo "2367"]
[BlackElo "2472"]
[PlyCount "64"]
[SourceDate "2017.09.01"]

1. c4 g6 2. Nc3 Bg7 3. g3 d6 4. Bg2 Nf6 5. d4 O-O 6. Nf3 Nbd7 7. O-O e5 8. h3
Re8 9. e4 exd4 10. Nxd4 Nc5 11. Re1 Bd7 12. Rb1 h6 13. b4 Ne6 14. Nxe6 Bxe6 15.
Nd5 Bxd5 16. cxd5 Re7 17. Bb2 Qe8 18. Bxf6 Bxf6 19. Qd3 Qa4 20. a3 a5 21. b5
Bd4 22. Rec1 Bc5 23. Rb3 Qd4 24. Qxd4 Bxd4 25. a4 Rf8 26. Rc4 Bb6 27. g4 Rfe8
28. Bf3 Kg7 29. Kg2 Re5 30. Rb2 h5 31. Kg3 Kh6 32. Bg2 g5 1/2-1/2

[Event "2018 Alberta Chess Championship"]
[Site "?"]
[Date "2018.03.31"]
[Round "2"]
[White "Arruebarrena, Rafael"]
[Black "Malek, Omid"]
[Result "1-0"]
[WhiteElo "2382"]
[BlackElo "2176"]
[PlyCount "69"]
[SourceDate "2017.09.01"]

1. e4 c5 2. Nf3 h6 3. d4 cxd4 4. Nxd4 Nf6 5. Nc3 e5 6. Ndb5 d6 7. a4 Be6 8. Nd5
Bxd5 9. exd5 Be7 10. c4 Nbd7 11. Be2 O-O 12. O-O Ne8 13. a5 a6 14. Nc3 Bg5 15.
Kh1 Rc8 16. g3 Bxc1 17. Qxc1 Nef6 18. Qe3 Nh7 19. b4 f5 20. f4 Kh8 21. Rac1 e4
22. Qd2 Qf6 23. Nd1 Qg6 24. Ne3 Nhf6 25. Qd4 Nh5 26. Ng2 Nhf6 27. c5 e3 28.
Nxe3 Rfe8 29. c6 bxc6 30. dxc6 Nf8 31. Bxa6 Rc7 32. Nd5 Re4 33. Qd2 Nxd5 34.
Qxd5 Ne6 35. Bd3 1-0

[Event "2018 Alberta Chess Championship"]
[Site "?"]
[Date "2018.03.31"]
[Round "3"]
[White "Malek, Omid"]
[Black "Valencia, Belsar"]
[Result "1/2-1/2"]
[WhiteElo "2176"]
[BlackElo "2367"]
[PlyCount "51"]
[SourceDate "2017.09.01"]

1. e4 c5 2. Nc3 Nc6 3. g3 g6 4. Bg2 Bg7 5. Nge2 d6 6. d3 e6 7. O-O Nge7 8. Bg5
f6 9. Be3 e5 10. Qd2 O-O 11. f4 Nd4 12. Nd5 Nxd5 13. exd5 Bg4 14. Nc3 Qd7 15.
fxe5 fxe5 16. Bxd4 exd4 17. Ne4 Bf5 18. Qg5 Rae8 19. Qh4 h6 20. h3 Qd8 21. Qxd8
Rxd8 22. g4 Bxe4 23. Bxe4 Rxf1+ 24. Rxf1 Rf8 25. Bxg6 Rxf1+ 26. Kxf1 1/2-1/2

[Event "2018 Alberta Chess Championship"]
[Site "?"]
[Date "2018.03.31"]
[Round "3"]
[White "Ng, Gary"]
[Black "Arruebarrena, Rafael"]
[Result "1-0"]
[WhiteElo "2377"]
[BlackElo "2382"]
[PlyCount "72"]
[SourceDate "2017.09.01"]

1. d4 d5 2. Bf4 Nf6 3. e3 c5 4. dxc5 e6 5. Nf3 Bxc5 6. Be2 Nc6 7. O-O O-O 8. c4
Qe7 9. Nc3 Rd8 10. cxd5 Nxd5 11. Nxd5 exd5 12. Rc1 f6 13. Qc2 Bb6 14. Rfd1 Be6
15. Bd3 g6 16. a3 Kg7 17. h3 Qf7 18. b4 d4 19. Qe2 Bb3 20. Re1 dxe3 21. Bxe3
Re8 22. Qd2 Bxe3 23. Rxe3 Rxe3 24. Qxe3 Re8 25. Qf4 Bd5 26. Bc4 Bxc4 27. Rxc4
a6 28. a4 Qd5 29. Kh1 Re7 30. Rc5 Qe4 31. Qxe4 Rxe4 32. b5 axb5 33. axb5 Na5
34. Rc7+ Kh6 35. g4 g5 36. Rd7 Re8 {flag} 1-0